Sports Quiz

Random Sports or Letter Quiz

5-Letter NBA Teams Quiz Stats

 Plays Quiz Updated Jul 19, 2014

Support Sporcle.
Go Orange.
Score 0/6 Timer 01:00
0 Plays Today
Answer % Correct
Chicago Bulls
76.2%
San Antonio Spurs
71.2%
Orlando Magic
68.2%
Milwaukee Bucks
62.2%
Atlanta Hawks
56.5%
Sacramento Kings
55.6%

You're not logged in!

Compare scores with friends on all Sporcle quizzes.
OR
Log In

From the Vault

Colored Star Selection

by goc3

If you manage to get 100% on your first try, you better thank your lucky stars.
Remove Ads.
Support Sporcle.
Get the best of Sporcle when you Go Orange. This ad-free experience offers more features, more stats, and more fun while also helping to support Sporcle. Thank you for becoming a member.

Show Comments

Extras

Top Quizzes Today


Score Distribution

Your Account Isn't Verified!

In order to create a playlist on Sporcle, you need to verify the email address you used during registration. Go to your Sporcle Settings to finish the process.

Report this User

Report this user for behavior that violates our Community Guidelines.

Details: